| 000 | 00466cam a22001457a 4500 | ||
|---|---|---|---|
| 008 | 180718b1930 xxu||||| |||| 00| 0 eng d | ||
| 082 | _aA99 B193/st32 | ||
| 100 | _aSteed, Wickham | ||
| 245 |
_aReal stanley baldwin _cby Wickham Steed |
||
| 260 |
_aLondon _bNisbert _c1930 |
||
| 300 | _a191p | ||
| 650 | _aGreat Britain -Politics and government -1910-1936 | ||
| 650 | _aPrime ministers -Great Britain -Biography | ||
| 650 | _aBaldwin, Stanley Baldwin, Earl, 1867-1947 | ||
| 999 |
_c414222 _d414222 |
||